000 01382nam a22002657a 4500
005 20091120134257.0
008 091120t xxu||||| |||| 00| 0 hin d
010 _aHIN-88659
020 _c75.00
_a8121406102
035 _aHN-61005
035 _aB-151177
037 _bDBAD / PUB
040 _aDPL
_bHN
082 _a649.1
100 _aकाबरा, रूपनारायण
_940785
245 _aबच्चे नहीं होते समस्या /
_cरूपनारायण काबरा
246 _abache nahin hotai smsya /
_bRoopnarayan kabra
260 _aनई दिल्ली
_bनेशनल पब्लिशिंग हाउस
_c2006
270 _a2/35, अंसारी रोड, दरियागंज
_bनई दिल्ली
_e110002
300 _a100पृ
_c22सेमी (सजिल्द)
650 _aबालकों का व्यवहार द्वारा उपचार
_940786
942 _2ddc
_cHN
_h649.1
_mकाबरा
999 _c31989
_d31989